đŸŽ¶ Paroles "Femmes" Camelia Jordana - Statistiques

Statistiques générales
  • Ce quiz a Ă©tĂ© pris 21 fois
  • Le rĂ©sultat moyen est 115 sur 221
Statistiques - réponses
Mots % Correct
femmes,
100%
femmes
100%
Ă 
90%
l'
90%
le
90%
Le
90%
les
90%
Oh,
90%
Oh
90%
au
80%
ce
80%
de
80%
en
80%
est
80%
il
80%
Nous
80%
nous
80%
que
80%
se
80%
DĂšs
70%
et
70%
la
70%
nos
70%
Nos
70%
Oui,
70%
sont
70%
belles
60%
dans
60%
fort
60%
Ils
60%
lors
60%
plus
60%
sans
60%
temps
60%
armes,
50%
encore,
50%
encore
50%
Enfin,
50%
eux
50%
faire
50%
mĂšres
50%
mes
50%
Mes
50%
air
40%
coeurs
40%
Comme
40%
forces
40%
grandes
40%
monde
40%
soeurs,
40%
combat
30%
larmes
30%
peine
30%
Prenons
30%
simple
30%
chant
20%
Chantons,
20%
chantons
20%
contenterons
20%
craintes
20%
fiĂšres
20%
Fini
20%
Mesdames,
20%
offrande
20%
ondes
20%
peurs
20%
Poing
20%
reines,
20%
rue,
20%
savent
20%
serrent
20%
soyons
20%
Unies,
20%
Usons
20%
voix
20%
appelle
10%
Aucun
10%
avançons
10%
besoin
10%
cesse
10%
cesseront
10%
clameront
10%
couler
10%
honte
10%
nouveau
10%
Portons
10%
promesses
10%
sang
10%
seuls
10%
Aucun quiz correspondant
Distribution des résultats
% des personnes avec chaque résultat
Percentile par nombre de réponses
Votre historique - résultats
Vous n’avez pas pris ce quiz